[Event "Ch Czechoslovakia (team) 1990/91"]
[Site "masterchessopen.com - Czechoslovakia"]
[Round "13"]
[White "Plachetka Jan (SVK)"]
[Black "Neckar Lubomir (CZE)"]
[Result "1-0"]
[WhiteElo "2425"]
[BlackElo "2367"]

1.c4 e6 2.Nf3 d5 3.g3 Nf6 4.Bg2 Be7 5.b3 O-O 6.Bb2 c5 7.O-O Nc6 8.e3 Qa5 9.Qe2
Rd8 10.d3 Bd7 11.Nbd2 Be8 12.cxd5 exd5 13.Nh4 Bd7 14.f4 Qa6 15.Ndf3 d4 16.exd4
cxd4 17.Ne5 Bb4 18.Nhf3 Be8 19.Kh1 Bc3 20.Bxc3 dxc3 21.Rac1 Nb4 22.Rxc3 Nfd5
23.Rc5 Qxa2 24.Qe4 h6 25.Nd4 Rac8 26.Rxc8 Rxc8 27.Nc4 Qa6 {#r} 1-0

[Event "Ch Moscow (open)"]
[Site "masterchessopen.com - Moscow (Russia)"]
[Round "11"]
[White "Shvedchikov Anatoli I (RUS)"]
[Black "Kostin Mikhail Y (RUS)"]
[Result "0-1"]
[WhiteElo "2345"]
[BlackElo "2233"]

1.c4 e6 2.Nf3 d5 3.g3 Nf6 4.Bg2 Be7 5.b3 O-O 6.Bb2 c5 7.O-O Nc6 8.cxd5 Nxd5
9.Nc3 Bf6 10.Qc1 Nxc3 11.Bxc3 e5 12.e3 Bf5 13.Qb2 a6 14.a3 Nd4 15.Nxe5 Bxe5
16.exd4 cxd4 17.Bb4 Re8 18.Rfe1 Qd7 19.Rac1 Bf6 {#R} 0-1

[Event "It (open) (b)"]
[Site "masterchessopen.com - Ditzingen (Germany)"]
[Date "2004.05.22"]
[Round "6"]
[White "Funk Patrick"]
[Black "Lerch Matthias (GER)"]
[Result "1-0"]
[WhiteElo "1571"]
[BlackElo "1787"]

1.c4 e6 2.Nf3 d5 3.g3 Nf6 4.Bg2 Be7 5.O-O dxc4 6.Qc2 O-O 7.Ne5 Nbd7 8.Nxc4 Nb6
9.Nxb6 cxb6 10.Nc3 Qc7 11.d4 Nd5 12.Be4 h6 13.Nxd5 Qxc2 14.Nxe7+ Kh8 15.Bxc2
Bd7 16.d5 Rfe8 17.d6 Bb5 18.Be4 Rad8 19.Bf4 Bxe2 20.Rfc1 Ba6 21.Rc7 Rb8 22.d7
f5 23.dxe8=Q+ Rxe8 24.Bxb7 Be2 25.Be5 Bg4 26.Ng6+ {#r} 1-0

[Event "It (open)"]
[Site "masterchessopen.com - Brasschaat (Belgium)"]
[Date "2006.08.20"]
[Round "2"]
[White "De Vos Nils (BEL)"]
[Black "Hiel Lino (BEL)"]
[Result "1-0"]
[WhiteElo "2239"]
[BlackElo "1873"]

1.c4 e6 2.Nf3 d5 3.g3 Nf6 4.Bg2 Be7 5.O-O O-O 6.b3 b6 7.Bb2 Bb7 8.Qc2 c5 9.e3
dxc4 10.Ng5 h6 11.Bxb7 Nbd7 12.Bxa8 Qxa8 13.Bxf6 {#r} 1-0

[Event "Cup Belgrade (open)"]
[Site "masterchessopen.com - Obrenovac (Yugoslavia)"]
[Date "2007.11.30"]
[Round "9"]
[White "Bajevic Branko (SRB)"]
[Black "Bojanic Denis (SRB)"]
[Result "1-0"]
[WhiteElo "2154"]
[BlackElo "1981"]

1.c4 e6 2.Nf3 d5 3.g3 Nf6 4.Bg2 Be7 5.O-O O-O 6.b3 b6 7.Bb2 Bb7 8.d3 Nbd7
9.Nbd2 c5 10.cxd5 Nxd5 11.a3 Bf6 12.Qc2 Rc8 13.Nc4 Qc7 14.e4 Bxb2 15.Qxb2 N5f6
16.e5 Nd5 17.Nd6 Rcd8 18.Nxb7 Qxb7 19.Nd2 Qb8 20.f4 f6 21.Bxd5 exd5 22.e6 Qb7
23.e7 {#r} 1-0

[Event "Tournament (open)"]
[Site "masterchessopen.com - Ribeirao Preto (Brazil)"]
[Date "2010.12.04"]
[Round "4"]
[White "Gimenez Jayme Augusto (BRA)"]
[Black "Ferreira Jonas De Vargas (BRA)"]
[Result "1-0"]
[WhiteElo "2147"]
[BlackElo "1787"]

1.c4 e6 2.Nf3 d5 3.g3 Nf6 4.Bg2 Be7 5.O-O O-O 6.b3 Nbd7 7.Bb2 dxc4 8.bxc4 c5
9.d3 Rb8 10.Nbd2 b6 11.a4 Bb7 12.a5 Qc7 13.Qc2 Bd6 14.axb6 axb6 15.Ra7 Ra8
16.Rxb7 Qxb7 17.Nd4 Qc8 18.Nb5 Be7 19.Bxa8 Qxa8 20.Ra1 Qc6 21.Ra7 Bd6 22.Qa4
h5 23.Nxd6 Qxd6 24.Ne4 Nxe4 25.Rxd7 {#r} 1-0